| 000 | 01016nam0a22002651 4500 | ||
|---|---|---|---|
| 001 | rc\3708824 | ||
| 005 | 20250610113037.0 | ||
| 021 |
_aRU _b[70-65721] |
||
| 035 | _a(NLR Aleph) 007879113 | ||
| 090 |
_a7906645 _c7906645 |
||
| 100 | _a20130115d1970 |||y0rusy50 ca | ||
| 101 | 0 | _arus | |
| 102 | _aRU | ||
| 105 | _ay z |||h| | ||
| 200 | 1 |
_aПравописание НН и Н во всех частях речи _eУчеб.-метод. пособие для слушателей отд-ния повышения квалификации МПИ _fМ-во высш. и сред. спец. образования РСФСР. Моск. полигр. ин-т |
|
| 210 |
_aМосква _cБ. и. _d1970 |
||
| 215 |
_a22 с. _d21 |
||
| 606 |
_aРусский язык _xОрфография _2psbo |
||
| 700 | 1 |
_aКоцарь _bЭ.Б. _gЭльмира Борисовна |
|
| 790 | 1 |
_aКоцарь _bЭ.Б. |
|
| 801 | 0 |
_aRU _bNLR _gpsbo |
|
| 801 | 1 |
_aRU _bELAR _2rusmarc |
|
| 852 |
_aNLR _j70-6/6257 |
||
| 942 | _cBOOK | ||
| 980 | _aNB | ||